| 000 | 00732nam a22002057a 4500 | ||
|---|---|---|---|
| 999 |
_c63365 _d63365 |
||
| 005 | 20240530110636.0 | ||
| 008 | 170925s2002 ua dfa f b 000 0 ara d | ||
| 017 |
_a2002/9399 _bمصر. دار الكتب |
||
| 020 | _a9771802216 ( ج 1 ) | ||
| 040 |
_aEG-CaGPL _cEG-CaGPL |
||
| 082 | 0 | 4 |
_221 _a929.7 _bق/أ ت |
| 100 | 0 | _aامين سامى باشا . | |
| 245 | 1 | 0 |
_aتقويم النيل / _cامين سامى باشا . _nالجزء الاول |
| 250 | _aط.2 | ||
| 260 |
_aالقاهرة : _bمطبعة دار الكتب و الوثائق القومية بالقاهرة ، _c2003 . |
||
| 300 |
_a134 + 250 ص. ؛ _c30 سم . |
||
| 650 | 0 | 7 |
_2qrmak _aتقويم النيل . |
| 942 |
_2ddc _cBK |
||